Το κορίτσι και η νύχτα

Αποθηκεύτηκε σε:
Λεπτομέρειες βιβλιογραφικής εγγραφής
Κύριος συγγραφέας: Musso, Guillaume, 1974-
Άλλοι συγγραφείς: Γεροκώστα, Εύη (trlf)
Μορφή: Βιβλίο
Γλώσσα:Greek
French
Δημοσίευση: Αθήνα : Δίοπτρα, 2019.
Θέματα:
Ετικέτες: Προσθήκη ετικέτας
Δεν υπάρχουν, Καταχωρήστε ετικέτα πρώτοι!

MARC

LEADER 00000nam a2200000 a 4500
001 1/126481
008 230428t2019####gr | ||| |||| ||gre||
020 |a 9789606059018 
040 |a GR-MyUa  |b gre  |c GR-MyUa  |e AACR2 
041 1 |a gre  |h fre 
082 7 |a 843   |2 (23) 
100 1 |a Musso, Guillaume,   |d 1974- 
245 1 3 |a Το κορίτσι και η νύχτα /   |c Guillaume Musso ; μετάφραση Εύη Γεροκώστα.  
260 |a Αθήνα :   |b Δίοπτρα,   |c 2019.  
300 |a 361 σ. ;   |c 21 εκ.  
500 |a Τίτλος πρωτοτύπου : La jeune fille et la nuit.  
650 0 |a French fiction  |y 21st century. 
650 0 |a Police   |v Fiction. 
700 1 |a Γεροκώστα, Εύη,  |e trlf 
852 |a INST  |b SAMOS  |e 20230428  |h 843 MUS  |p 005300048011  |q 005300048011  |t BK  |y 0 
970 |a Γουβάλα  |b Βάσω  |z 28-04-2023